Statistiques concernant Focus sur: Ellie Cattermole - Harry Potter

Cliquez ici pour prendre le quiz!

Statistiques générales

  • Ce quiz a été pris 20 fois
  • Le résultat moyen est 4 sur 6

Statistiques - réponses

Informations recherchéesRéponses% Correct
Première mentionHarry Potter et les Reliques de la Mort
100%
Statut du sangSang-mêlé
100%
PèreReg Cattermole
79%
MèreMary Cattermole
63%
SœurMaisie Cattermole
32%
FrèreAlfred Cattermole
26%

Distribution des résultats

Percentile par nombre de réponses

% des personnes avec chaque résultat

Votre développement - résultats

Vous n’avez pas pris ce quiz